[Event "World Rapid 2015"]
[Site "Berlin GER"]
[Date "2015.10.12"]
[Round "15.58"]
[White "Dlugy, Maxim"]
[Black "Milanovic, Danilo"]
[Result "1/2-1/2"]
[WhiteTitle "GM"]
[BlackTitle "GM"]
[WhiteElo "2518"]
[BlackElo "2469"]
[WhiteFideId "2000075"]
[BlackFideId "915483"]
[EventDate "2015.10.10"]

1. d4 Nf6 2. c4 c5 3. d5 b5 4. cxb5 a6 5. f3 g6 6. e4 Bg7 7. Na3 O-O 8. Ne2 e6
9. dxe6 fxe6 10. Qd6 axb5 11. Nxb5 Na6 12. Ng3 Rb8 13. a4 Rb6 14. Qd1 d5 15. Be2
Bb7 16. Bd2 Qa8 17. exd5 exd5 18. O-O Kh8 19. Qc1 Re6 20. Bh6 Rfe8 21. Bxg7+
Kxg7 22. Rf2 Qd8 23. f4 d4 24. f5 Re3 25. fxg6 hxg6 26. Qd2 Nb4 27. Raf1 Nbd5
28. Bc4 R8e7 29. Nxd4 cxd4 30. Bxd5 Nxd5 31. Qxd4+ R3e5 32. Rf6 Qe8 33. Rd6 Re6
34. Re1 Nf6 35. Rxe6 Rxe6 36. Rf1 Qc6 37. Rf2 Re1+ 38. Nf1 Ba6 39. b4 Bxf1 40.
Rxf1 Rxf1+ 41. Kxf1 Qxa4 42. g4 Qb5+ 43. Kf2 Kf7 44. h4 Nd5 45. h5 g5 46. h6 Nf6
47. Qa7+ Nd7 48. Qd4 Nf6 49. Qa7+ Nd7 50. Qd4 Qb6 51. Qxb6 Nxb6 52. Ke3 Kg6 53.
Kd4 Kxh6 54. b5 Kg6 55. Ke5 Nc4+ 56. Ke6 Nb6 57. Ke5 Nc4+ 58. Ke6 Kg7 59. Kf5
Kh6 60. Kf6 Nb6 61. Kf5 1/2-1/2